00188nam a2200061Ia 4500245001500000100007000015008004100085 0aPotjiekos  a HAMMANN, Marlene Kaapstad, 1990 2de uitg., 18de druk (2006) 210819s9999 xx 000 0 und d